| 000 | 00470cam a22002051 4500 | ||
|---|---|---|---|
| 001 | sa 68006221 | ||
| 003 | DLC | ||
| 005 | 20260227112514.0 | ||
| 008 | 891020s1968 ii 000 0 hino | ||
| 010 | _asa 68006221 | ||
| 035 | _a(OCoLC)20520443 | ||
| 040 |
_aDLC _cWaU _dDLC |
||
| 042 | _apremarc | ||
| 050 | 0 | 0 |
_aPK2098.23.A5 _bB5 |
| 100 | 0 | _aHanumandas. | |
| 245 | 1 | 0 | _aBhāgya ke dāyare. |
| 260 | _c[1968] | ||
| 300 |
_a171 p. _c19 cm. |
||
| 500 | _aIn Hindi. | ||
| 999 |
_c81182 _d81182 |
||